000 00825nam a22002897a 4500
001 BR7902210
003 BR-BrBNA
005 20230928090003.0
007 ta
008 230509b bl.||||| |||| 00| 0 por d
040 _aBR-BrBNA
_bpor
_cBiblioteca Nacional de Agricultura
041 _a(Por)
072 _aF10
_b2110
_b/G514
090 _ 2110 BR7902210
100 1 _aSa, D.F. de
100 1 _aMilde, L.C.E.
110 1 _aCentro de Pesquisas do Cacau, Ilheus, BA (Brasil)
_91631
245 1 _aClima [cacau, Brasil]
_b4. Curso internacional de cacau
260 3 _aIlheus, BA (Brasil):
_c1979.
300 _a24 p.
500 _a(*) Documento disponível no(a) CEPLAC, Ilheus, BA (Brazil)
650 _aCLIMATOLOGIA
650 _aCACAU
650 _aCLIMA
909 _a202309
_bLucia
_c55
_dLucia Elande
942 _cBK
999 _c27321
_d27321